000 01079nam a2200289 a 4500
001 000003919
003 DO-SdBNP
005 20220926143008.0
007 ta
008 090715s2007 dr 001 0 spa d
020 _a9789993458593
040 _aDO-SdBNP
_bspa
_cBNPHU
082 4 _a617.6009
_bT233g
_222
100 1 _aTaveras García, Héctor Darío
_911796
245 1 0 _aLos gremios odontológicos :
_borigen y evolución gremial en la República Dominicana 1926-2007 /
_cHéctor Darío Taveras García.
260 _aSanto Domingo :
_bCentenario,
_c2007.
300 _a510 p. :
_bil. ;
_c26 cm.
500 _aIncluye referencias bibliográficas y notas al pie de las páginas
504 _a Bibliografía : p. 505-510
590 _aInventariado, 2022 / DG
650 4 _aOdontología
_xHistoria
_zRepública Dominicana
_911797
650 4 _aAsociación odontológica dominicana
_xHistoria
_911798
650 4 _aAsociaciones de profesionales y técnicos
_zRepública Dominicana
_911799
650 4 _aOdontología
_xLegislación
_911800
910 _aDG
942 _2ddc
_cLBS1
999 _c3738
_d3738